000 00325nam a22001457a 4500
003 SGT
082 _a515,PUN
100 _aPUNDIR,SUDHIR K
245 _aINTEGRAL EQUATIONS AND BOUNDARY VALUE
250 _a1ST
260 _aMEERUT
_bPRAGATI PRAKASHAN
_c2016
300 _a476
650 _aMATHEMATICS
942 _2ddc
_cFPS
_01
999 _c10030
_d10030